| 000 | 01206nam0a22003131 4500 | ||
|---|---|---|---|
| 001 | v19\rc\1755634 | ||
| 005 | 20260406085641.0 | ||
| 035 | _a(NLR Aleph) 005249053 | ||
| 090 |
_a5784561 _c5784561 |
||
| 100 | _a20061204d1903 |||y0rusy50 ca | ||
| 101 | 0 | _arus | |
| 102 | _aRU | ||
| 105 | _aa z |||a| | ||
| 200 | 1 |
_aСкворец и Воробей _eДва рассказа проф. зоологии М.Н. Богданова _eС 6 рис. |
|
| 205 | _a2-е изд. | ||
| 210 |
_aМосква _cтипо-лит. т-ва И.Н. Кушнерев и К° _d1903 |
||
| 215 |
_a31 с. _cил. _d20 |
||
| 225 | 1 |
_aБиблиотека для детей и для юношества _fПод ред. И. Горбунова-Посадова |
|
| 517 | 0 | _aВоробей | |
| 532 | 1 | 3 | _aСкворец и Воробей |
| 700 | 1 |
_7ca _8rus _aБогданов _bМ. Н. _cзоолог _f1841-1888 _gМодест Николаевич _938717 _3RU\NLR\AUTH\7755785 |
|
| 801 | 2 |
_aRU _bNLR _c20070913 _2rusmarc |
|
| 801 | 0 |
_aRU _bNLR _c20061204 _gpsbo |
|
| 801 | 0 |
_aRU _bRuMoRGB _c20061204 _2psbo |
|
| 801 | 1 |
_aRU _bProSoft-M _c20061204 _2rusmarc |
|
| 852 |
_aNLR _j34.48.7.143 |
||
| 942 | _cBOOK | ||
| 980 | _aNB | ||